[Event "Japan Open 2017"]
[Site "Tokyo"]
[Date "2017.11.04"]
[Round "4.1"]
[White "Nanjo, Ryosuke"]
[Black "Matsuo, Tomohiko"]
[Result "0-1"]
[WhiteElo "2437"]
[BlackElo "2256"]
[PlyCount "94"]
[EventDate "2017.11.03"]

1. e4 e5 2. Nf3 Nc6 3. Bb5 a6 4. Ba4 Nf6 5. d3 d6 6. c3 Be7 7. Nbd2 b5 8. Bc2
O-O 9. Nf1 d5 10. Qe2 Re8 11. Ng3 d4 12. O-O h6 13. Bd2 Nh7 14. Bb3 Ng5 15. Bd5
Qd6 16. Bxg5 Bxg5 17. Bxc6 Qxc6 18. cxd4 exd4 19. Nxd4 Qd6 20. Ndf5 Qe5 21. d4
Qf4 22. Rfe1 g6 23. Ne3 Bb7 24. Nc2 h5 25. f3 h4 26. Nf1 f5 27. g3 hxg3 28.
hxg3 Qd6 29. Qd3 fxe4 30. fxe4 Kg7 31. Rad1 Re7 32. d5 c5 33. Re2 Rae8 34. Ne1
c4 35. Qf3 Rf8 36. Qg4 Qc5+ 37. Kg2 Ref7 38. Nh2 Rf2+ 39. Rxf2 Qxf2+ 40. Kh1
Be3 41. Ng2 Bc8 42. Qh4 g5 43. Qh5 Rh8 44. Qxh8+ Kxh8 45. Rf1 Qxg3 46. Rf8+ Kg7
47. Rxc8 Bd4 0-1

[Event "Japan Open 2017"]
[Site "Tokyo"]
[Date "2017.11.04"]
[Round "4.2"]
[White "Yamada, Kohei"]
[Black "Averbukh, Alexander"]
[Result "1-0"]
[WhiteElo "2287"]
[BlackElo "2332"]
[PlyCount "87"]
[EventDate "2017.11.03"]

1. e4 c6 2. d4 d5 3. exd5 cxd5 4. Bd3 Nc6 5. c3 Nf6 6. Bf4 Bg4 7. Qb3 Qc8 8.
Nd2 e6 9. Ngf3 Be7 10. O-O O-O 11. Rae1 a6 12. Ne5 Bh5 13. Qc2 b5 14. a3 Na5
15. Re3 Nc4 16. Rh3 Bg6 17. Nxg6 fxg6 18. Bg5 Ra7 19. Nf3 Nd6 20. Ne5 Nde4 21.
Bc1 Bd6 22. Be3 Bb8 23. f3 Nd6 24. Bg5 Nc4 25. Re1 Bxe5 26. dxe5 Nd7 27. f4
Qc5+ 28. Kh1 Rf7 29. b3 Nxa3 30. Qe2 Nf8 31. f5 gxf5 32. Be3 Qc6 33. Bxa7 Rxa7
34. Ra1 Qxc3 35. Qa2 b4 36. Bxf5 Qxe5 37. Bd3 Rc7 38. Rf1 Nb5 39. Qf2 Qf6 40.
Rf3 Rf7 41. Rxf6 Rxf6 42. Qc5 Kf7 43. Bxb5 axb5 44. Kg1 1-0

[Event "Japan Open 2017"]
[Site "Tokyo"]
[Date "2017.11.04"]
[Round "4.3"]
[White "Kobayashi, Atsuhiko"]
[Black "Baba, Masahiro"]
[Result "1-0"]
[WhiteElo "2242"]
[BlackElo "2410"]
[PlyCount "46"]
[EventDate "2017.11.03"]

1. d4 Nf6 2. c4 g6 3. Nc3 d5 4. Nf3 Bg7 5. cxd5 Nxd5 6. Bg5 Nxc3 7. bxc3 c5 8.
e3 Nc6 9. Bb5 cxd4 10. exd4 Qd5 11. Qe2 O-O 12. c4 Qd6 13. Bxc6 Qxc6 14. Rc1
Bg4 15. d5 Qa6 16. O-O e6 17. h3 Bxf3 18. Qxf3 h6 19. Be7 Rfe8 20. d6 Bf8 21.
Bxf8 Rxf8 22. c5 Rac8 23. Rfd1 Rfd8 1-0

[Event "Japan Open 2017"]
[Site "Tokyo"]
[Date "2017.11.04"]
[Round "4.4"]
[White "Aoshima, Mirai"]
[Black "Nakamura, Naohiro"]
[Result "1/2-1/2"]
[WhiteElo "2400"]
[BlackElo "2229"]
[PlyCount "128"]
[EventDate "2017.11.03"]

1. d4 Nf6 2. c4 g6 3. Nc3 d5 4. Bg5 Ne4 5. Bh4 Nxc3 6. bxc3 c5 7. e3 Bg7 8. Nf3
Nc6 9. cxd5 Qxd5 10. Be2 cxd4 11. exd4 O-O 12. O-O e5 13. c4 Qe4 14. d5 Nd4 15.
Nxd4 Qxh4 16. Nb5 Bd7 17. Rb1 b6 18. a4 Rfd8 19. Qd2 Bf8 20. Rb3 Bc5 21. a5
Bxb5 22. Rxb5 Rd6 23. Rb3 f5 24. g3 Qe7 25. Kg2 Rf8 26. axb6 axb6 27. f4 exf4
28. gxf4 Re8 29. Bf3 Be3 30. Qe2 Bxf4 31. Qxe7 Rxe7 32. Rfb1 Be3 33. Re1 f4 34.
Bg4 Kg7 35. Ra1 Kf6 36. Kf3 Rc7 37. Ra4 Ke5 38. Rd3 h5 39. Be6 Re7 40. Rd1 Rd8
41. Ra2 Rc7 42. Ra4 Rc5 43. Bf7 Kf6 44. Be6 Ke5 45. Bf7 Kf6 46. Be6 g5 47. h3
Rd6 48. Ke4 b5 49. cxb5 Rxb5 50. Rc4 Bb6 51. Ra1 Rb3 52. Re1 f3 53. Rcc1 f2 54.
Re2 Rd8 55. Rf1 Rb4+ 56. Kf3 Rf4+ 57. Kg2 g4 58. hxg4 hxg4 59. Kg3 Rb4 60.
Rfxf2+ Bxf2+ 61. Rxf2+ Ke5 62. Rf5+ Kd6 63. Rf4 Rdb8 64. Rxg4 Rxg4+ 1/2-1/2

[Event "Japan Open 2017"]
[Site "Tokyo"]
[Date "2017.11.04"]
[Round "4.5"]
[White "Kojima, Shinya"]
[Black "Yokoyama, Yuichi"]
[Result "1-0"]
[WhiteElo "2485"]
[BlackElo "2022"]
[PlyCount "53"]
[EventDate "2017.11.03"]

1. Nf3 d5 2. d4 Nf6 3. c4 e6 4. Nc3 a6 5. cxd5 exd5 6. Bf4 Bd6 7. Bg3 c6 8. e3
O-O 9. Qc2 Nh5 10. Bd3 g6 11. O-O-O Be6 12. Kb1 a5 13. Ne5 Na6 14. a3 Qe7 15.
f4 f5 16. Na4 c5 17. Bxa6 Rxa6 18. Nxc5 Rc8 19. Qd2 Bxc5 20. dxc5 Rxc5 21. Rc1
Rb5 22. Ka1 Rab6 23. Rc2 d4 24. Qxd4 Rb3 25. Nc4 R6b5 26. Rhc1 b6 27. Nd6 1-0

[Event "Japan Open 2017"]
[Site "Tokyo"]
[Date "2017.11.04"]
[Round "4.6"]
[White "Sugimoto, Koichi"]
[Black "Sano, Tomu"]
[Result "1-0"]
[WhiteElo "1965"]
[BlackElo "2186"]
[PlyCount "77"]
[EventDate "2017.11.03"]

1. d4 Nf6 2. c4 e6 3. Nf3 Bb4+ 4. Nbd2 O-O 5. a3 Bxd2+ 6. Bxd2 b6 7. e3 Bb7 8.
Bd3 d6 9. O-O Nbd7 10. Bc3 Qe7 11. Nd2 e5 12. d5 a5 13. e4 Nc5 14. Bc2 a4 15.
Bb4 Nfd7 16. f4 f6 17. f5 c6 18. Rf3 b5 19. Rh3 Rfd8 20. Qh5 Nf8 21. Rd1 Qc7
22. Qe2 bxc4 23. Qxc4 cxd5 24. exd5 Qf7 25. Ne4 Nxe4 26. Qxe4 Nd7 27. Qh4 h6
28. Qg4 Nb6 29. Rxh6 Nxd5 30. Bd2 Rdc8 31. Bb1 Nf4 32. Bxf4 exf4 33. Rh3 f3 34.
gxf3 Qb3 35. Rf1 Rc4 36. Qh5 Rac8 37. Qh7+ Kf8 38. Rg3 R8c7 39. Qh8+ 1-0

[Event "Japan Open 2017"]
[Site "Tokyo"]
[Date "2017.11.04"]
[Round "4.7"]
[White "Higashishiba, Teruomi"]
[Black "Matsumoto, Yoshitaro"]
[Result "0-1"]
[WhiteElo "2102"]
[BlackElo "1952"]
[PlyCount "118"]
[EventDate "2017.11.03"]

1. e4 e6 2. d4 d5 3. Nd2 Nf6 4. e5 Nfd7 5. Bd3 c5 6. c3 Nc6 7. Ne2 cxd4 8. cxd4
f6 9. exf6 Nxf6 10. Nf3 Bd6 11. O-O Qc7 12. Bg5 O-O 13. Rc1 Bd7 14. Ng3 Rae8
15. Re1 Re7 16. Ne5 Be8 17. a3 Qb6 18. Nxc6 bxc6 19. b4 a5 20. Rb1 axb4 21.
axb4 Rff7 22. Bc2 g6 23. Rb3 Bd7 24. Qd2 e5 25. dxe5 Rxe5 26. Rxe5 Bxe5 27. b5
cxb5 28. Bxf6 Qxf6 29. Rf3 Bf4 30. Qe1 Qb2 31. Bb3 Qd4 32. Ne2 Re7 33. Re3 Rxe3
34. fxe3 Qxe3+ 35. Kh1 Kg7 36. Bxd5 Bg4 37. Qc3+ Qxc3 38. Nxc3 b4 39. Ne4 Bd1
40. Nc5 Be3 41. Nb3 Kf6 42. h3 Ke5 43. Bc4 Bxb3 44. Bxb3 Kd4 45. g4 g5 46. Kg2
Kc3 47. Be6 b3 48. Kf3 Bf4 49. h4 h6 50. h5 b2 51. Ba2 Kc2 52. Ke4 b1=Q 53.
Bxb1+ Kxb1 54. Kf5 Kc2 55. Kg6 Kd3 56. Kxh6 Ke4 57. Kg6 Bc1 58. h6 Kf4 59. Kh5
Bb2 0-1

[Event "Japan Open 2017"]
[Site "Tokyo"]
[Date "2017.11.04"]
[Round "4.8"]
[White "Kenmotsu, Toru"]
[Black "Otawa, Yuto"]
[Result "0-1"]
[WhiteElo "1931"]
[BlackElo "2090"]
[PlyCount "69"]
[EventDate "2017.11.03"]

1. e4 e6 2. d4 d5 3. exd5 exd5 4. Nf3 Bd6 5. Bd3 Nc6 6. O-O Nge7 7. c3 Bg4 8.
Bg5 f6 9. Bh4 Qd7 10. Nbd2 O-O-O 11. Qa4 Kb8 12. b4 Nxd4 13. Qxd7 Nxf3+ 14.
Nxf3 Bxd7 15. a4 Bf5 16. Be2 Ng6 17. Bg3 Bxg3 18. fxg3 Rhe8 19. Nd4 Bd7 20. Bf3
c6 21. b5 Kc7 22. Bh5 Re3 23. Rf3 Rxf3 24. gxf3 c5 25. Nb3 b6 26. f4 Bf5 27.
Kf2 Bc2 28. Bd1 Bxd1 29. Rxd1 Nf8 30. Re1 Kd7 31. a5 Re8 32. Rxe8 Kxe8 33. Nxc5
bxc5 34. b6 axb6 35. a6 0-1

[Event "Japan Open 2017"]
[Site "Tokyo"]
[Date "2017.11.04"]
[Round "4.9"]
[White "Yamada, Shinmei"]
[Black "Higashino, Tetsuo"]
[Result "0-1"]
[WhiteElo "1786"]
[BlackElo "2084"]
[PlyCount "82"]
[EventDate "2017.11.03"]

1. e4 c5 2. d4 cxd4 3. c3 g6 4. cxd4 d5 5. exd5 Nf6 6. Nc3 Nbd7 7. d6 exd6 8.
Nf3 Be7 9. Bh6 Ng4 10. Bd2 Nb6 11. h3 Nf6 12. Bh6 Be6 13. Ng5 Nfd5 14. Nxe6
fxe6 15. Bb5+ Kf7 16. Qf3+ Kg8 17. O-O Nxc3 18. bxc3 Bg5 19. Bxg5 Qxg5 20. Rab1
Qd5 21. Qf6 Rf8 22. Qe7 Rf7 23. Qd8+ Kg7 24. Be8 Qa5 25. Rbe1 Rd7 26. Qb8 Re7
27. Qxd6 Rhxe8 28. Re5 Qxc3 29. Rc5 Nc4 30. Qf4 Rf7 31. Qe4 Rd8 32. Qxe6 Rxd4
33. Rc8 Rdf4 34. Qe8 Rf8 35. Rc7+ R4f7 36. Rxf7+ Rxf7 37. Rd1 Qc2 38. Rd8 Qxf2+
39. Kh2 Qf4+ 40. Kh1 Ne3 41. Qh8+ Kh6 0-1

[Event "Japan Open 2017"]
[Site "Tokyo"]
[Date "2017.11.04"]
[Round "4.10"]
[White "Sakai, Enju"]
[Black "Furuya, Masahiro"]
[Result "0-1"]
[WhiteElo "1896"]
[BlackElo "2077"]
[PlyCount "114"]
[EventDate "2017.11.03"]

1. d4 d5 2. c4 c6 3. Nf3 Nf6 4. e3 Bf5 5. Nc3 a6 6. Qb3 b5 7. cxd5 cxd5 8. Bd2
e6 9. Nh4 Bg4 10. h3 Bh5 11. g4 Bg6 12. Nxg6 hxg6 13. Bg2 Nc6 14. Qd1 Rc8 15.
O-O Bd6 16. Qe2 g5 17. Rfc1 Bb8 18. a3 Qd6 19. Qf3 Rd8 20. Ne2 Ne4 21. Be1 Ne7
22. Kf1 Ng6 23. Ng3 Nxg3+ 24. fxg3 Qd7 25. Bb4 Bd6 26. Bxd6 Qxd6 27. Rc5 O-O
28. Kg1 Ne5 29. Qe2 Nd7 30. Rc3 Rc8 31. Rac1 Rxc3 32. Rxc3 Qxg3 33. Qf2 Qb8 34.
Rc6 Rc8 35. Qc2 Rxc6 36. Qxc6 Qa7 37. Kf2 Nf6 38. Qc8+ Kh7 39. Qc6 Kg8 40. Qc8+
Kh7 41. Qc6 g6 42. Kg1 Kg7 43. Kf2 Kf8 44. Qc8+ Ne8 45. Bf1 Ke7 46. Bd3 Qc7 47.
Qxa6 Qh2+ 48. Ke1 Qxb2 49. Qa7+ Kf6 50. Qc5 Qh2 51. Bxb5 Nd6 52. Bf1 Ne4 53.
Qc1 Qf2+ 54. Kd1 Qxf1+ 55. Kc2 Qxc1+ 56. Kxc1 Ke7 57. Kd1 Kd6 0-1

[Event "Japan Open 2017"]
[Site "Tokyo"]
[Date "2017.11.05"]
[Round "5.1"]
[White "Matsuo, Tomohiko"]
[Black "Yamada, Kohei"]
[Result "0-1"]
[WhiteElo "2256"]
[BlackElo "2287"]
[PlyCount "63"]
[EventDate "2017.11.03"]

1. e4 c5 2. Nf3 d6 3. d4 cxd4 4. Nxd4 Nf6 5. Nc3 a6 6. Bg5 e6 7. Qe2 h6 8. Bh4
Be7 9. f4 O-O 10. g3 b5 11. a3 Bb7 12. Bg2 Qc7 13. O-O-O Nbd7 14. g4 Nb6 15. g5
Nfd7 16. gxh6 Bxh4 17. hxg7 Rfc8 18. Qh5 Kxg7 19. Qg4+ Kf8 20. Qxh4 Ke8 21.
Rhg1 Nf8 22. e5 dxe5 23. fxe5 Bxg2 24. Rxg2 Qe7 25. Qf2 Rxc3 26. Nxb5 axb5 {(=)
} 27. Qxb6 Rc5 28. b4 Rc7 29. Qxb5+ Rd7 30. Rg8 Rad8 31. Rf1 Qh4 32. Rg7 0-1

[Event "Japan Open 2017"]
[Site "Tokyo"]
[Date "2017.11.05"]
[Round "5.2"]
[White "Nakamura, Naohiro"]
[Black "Kobayashi, Atsuhiko"]
[Result "1-0"]
[WhiteElo "2229"]
[BlackElo "2242"]
[PlyCount "111"]
[EventDate "2017.11.03"]

1. c4 b6 2. Nf3 c5 3. g3 Bb7 4. Bg2 g6 5. d4 cxd4 6. Qxd4 Nf6 7. O-O Bg7 8. Nc3
d6 9. Rd1 Nbd7 10. Bg5 Rc8 11. Nd5 O-O 12. Qh4 Nxd5 13. cxd5 Re8 14. Nd4 b5 15.
Rac1 Rxc1 16. Rxc1 Qb6 17. Nc6 Bxb2 18. Rc2 Bf6 19. Bxf6 Nxf6 20. Nxe7+ Rxe7
21. Qxf6 Re8 22. h4 h5 23. e4 Rc8 24. Rxc8+ Bxc8 25. e5 dxe5 26. Qxe5 Bd7 27.
Qe7 Qc7 28. Kh2 Qc8 {(=)} 29. Qe3 a5 30. Qb6 a4 31. a3 Kf8 32. Bf1 Qe8 33. Qc5+
Kg8 34. Bh3 Bxh3 35. Kxh3 Qe4 36. Kh2 Qc4 37. Qc6 Qd4 38. Kg1 Kf8 39. d6 Qd1+
40. Kg2 Qg4 41. Qxb5 Qe4+ 42. Kh2 Qd4 43. Kg1 Qd1+ 44. Kg2 Qxd6 45. Qxa4 Qd5+
46. Kf1 Qd3+ 47. Ke1 Qc3+ 48. Ke2 Qb2+ 49. Kf3 Qb7+ 50. Qe4 Qb3+ 51. Qe3 Qa4
52. Qc5+ Ke8 53. Ke2 Kd7 54. Kd2 Ke6 55. Kc3 Qd1 56. Qe3+ 1-0

[Event "Japan Open 2017"]
[Site "Tokyo"]
[Date "2017.11.05"]
[Round "5.3"]
[White "Furuya, Masahiro"]
[Black "Kojima, Shinya"]
[Result "0-1"]
[WhiteElo "2077"]
[BlackElo "2485"]
[PlyCount "44"]
[EventDate "2017.11.03"]

1. e4 c6 2. d3 d5 3. Nd2 e5 4. Ngf3 Bd6 5. d4 exd4 6. exd5 Nf6 7. dxc6 Nxc6 8.
Nb3 O-O 9. Be2 Qc7 10. O-O Rd8 11. Bg5 Bf5 12. Bd3 Bg6 13. h3 Rac8 14. a3 Bf4
15. Bxg6 hxg6 16. Bxf4 Qxf4 17. Qd3 Nd7 18. Nfxd4 Nde5 19. g3 Qf6 20. Qe4 Nxd4
21. f4 Nxb3 22. fxe5 Qb6+ 0-1

[Event "Japan Open 2017"]
[Site "Tokyo"]
[Date "2017.11.05"]
[Round "5.4"]
[White "Osaka, Takuma"]
[Black "Nanjo, Ryosuke"]
[Result "0-1"]
[WhiteElo "1966"]
[BlackElo "2437"]
[PlyCount "70"]
[EventDate "2017.11.03"]

1. d4 c5 2. d5 e5 3. c4 d6 4. e4 g6 5. Nc3 Bg7 6. g3 Ne7 7. Bg2 O-O 8. Nf3 h6
9. O-O f5 10. exf5 Bxf5 11. Nh4 Bc8 12. Qc2 g5 13. Nf3 Bg4 14. Ne1 Nf5 15. Be3
Nd7 16. Nd3 Nf6 17. Rae1 Qd7 18. Kh1 Rae8 19. Nc1 Qf7 20. f3 Qh5 21. Kg1 e4 22.
fxe4 Nxe3 23. Rxe3 Nd7 24. N3e2 Ne5 25. Nd3 Rxf1+ 26. Kxf1 Qxh2 27. Nxe5 Bxe5
28. Bf3 Rf8 29. Qd3 Qh1+ 30. Ng1 Bh3+ 31. Kf2 Bxg3+ 32. Ke2 Qxg1 33. Qd1 Qxd1+
34. Kxd1 Rxf3 35. Rxf3 Bg4 0-1

[Event "Japan Open 2017"]
[Site "Tokyo"]
[Date "2017.11.05"]
[Round "5.5"]
[White "Matsumoto, Yoshitaro"]
[Black "Aoshima, Mirai"]
[Result "1-0"]
[WhiteElo "1952"]
[BlackElo "2400"]
[PlyCount "81"]
[EventDate "2017.11.03"]

1. c4 e6 2. Nc3 d5 3. e3 Nf6 4. Nf3 Be7 5. b3 O-O 6. Bb2 b6 7. cxd5 Nxd5 8.
Nxd5 Qxd5 9. Bc4 Qh5 10. Ne5 Qxd1+ 11. Rxd1 c6 12. Rc1 f6 13. Nf3 Kf7 14. g4 b5
15. Be2 Bb7 16. Rg1 Nd7 17. Nd4 Rfc8 18. f4 Nb6 19. f5 e5 20. Ne6 g5 21. h4 h6
22. hxg5 hxg5 23. Rh1 Rh8 24. Kf2 c5 25. Bf3 e4 26. Be2 c4 27. Nxg5+ Kg8 28.
Rxh8+ Kxh8 29. Ne6 Kg8 30. bxc4 bxc4 31. Bd4 Kf7 32. Bxb6 axb6 33. Bxc4 Rh8 34.
Nd8+ Kg7 35. Nxb7 Rh2+ 36. Ke1 Kh6 37. Kd1 Bb4 38. Be2 Kg5 39. Rc4 Ba3 40. Rxe4
Kh4 41. Nd8 1-0

[Event "Japan Open 2017"]
[Site "Tokyo"]
[Date "2017.11.05"]
[Round "5.6"]
[White "Otawa, Yuto"]
[Black "Sugimoto, Koichi"]
[Result "1-0"]
[WhiteElo "2090"]
[BlackElo "1965"]
[PlyCount "59"]
[EventDate "2017.11.03"]

1. d4 d5 2. c4 c6 3. Nc3 Nf6 4. e3 a6 5. Qc2 g6 6. Bd3 Bg7 7. Nf3 O-O 8. O-O
dxc4 9. Bxc4 c5 10. dxc5 Nc6 11. a3 Qa5 12. b4 Qc7 13. Bb2 Bg4 14. Nd5 Nxd5 15.
Bxd5 Rad8 16. Bxg7 Kxg7 17. Bxc6 bxc6 18. Rad1 Bxf3 19. gxf3 Kg8 20. Rxd8 Rxd8
21. Rd1 a5 22. Rxd8+ Qxd8 23. Qe4 axb4 24. axb4 Qd7 25. Qd4 Qc7 26. Qd3 Qb7 27.
Qd8+ Kg7 28. Qb6 Qd7 29. b5 cxb5 30. c6 1-0

[Event "Japan Open 2017"]
[Site "Tokyo"]
[Date "2017.11.05"]
[Round "5.7"]
[White "Higashino, Tetsuo"]
[Black "Artag, Jargalsaikhan"]
[Result "1-0"]
[WhiteElo "2084"]
[BlackElo "1900"]
[PlyCount "111"]
[EventDate "2017.11.03"]

1. Nf3 Nf6 2. c4 c5 3. g3 g6 4. Bg2 Bg7 5. O-O O-O 6. Nc3 Nc6 7. d4 d6 8. dxc5
dxc5 9. Be3 Qa5 10. Qa4 Nd7 11. Qxa5 Nxa5 12. Nd2 Nb6 13. Bxc5 Nbxc4 14. Nxc4
Nxc4 15. Bxe7 Re8 16. Nd5 Bxb2 17. Rab1 Bf5 18. e4 Be6 19. Nc7 Rxe7 20. Nxa8
Be5 21. Rfd1 Re8 22. f4 Bd6 23. Rxd6 Nxd6 24. Nc7 Rb8 25. Nxe6 fxe6 26. e5 Nc4
27. Rxb7 Rxb7 28. Bxb7 Kf7 29. Kf2 Ke7 30. Ba6 Nb6 31. Kf3 Kd7 32. Kg4 Kc6 33.
Kg5 Kd5 34. Kh6 Nd7 35. Kxh7 g5 36. fxg5 Kxe5 37. g6 Nf6+ 38. Kg7 Kf5 39. Kf7
e5 40. g7 e4 41. g8=Q Nxg8 42. Kxg8 Kg4 43. Kg7 e3 44. Kf6 Kf3 45. Kf5 e2 46.
Bxe2+ Kxe2 47. g4 Kd2 48. g5 Kc2 49. g6 Kb2 50. g7 Kxa2 51. g8=Q+ Ka3 52. Qb8
a5 53. Ke4 a4 54. Kd3 Ka2 55. Kc2 a3 56. Qb1# 1-0

[Event "Japan Open 2017"]
[Site "Tokyo"]
[Date "2017.11.05"]
[Round "5.8"]
[White "Baba, Masahiro"]
[Black "Kishi, Satoru"]
[Result "1-0"]
[WhiteElo "2410"]
[BlackElo "1976"]
[PlyCount "85"]
[EventDate "2017.11.03"]

1. e4 Nc6 2. Nf3 f5 3. e5 d6 4. exd6 cxd6 5. d4 Nf6 6. Be2 g6 7. O-O Bg7 8. d5
Nb4 9. c4 O-O 10. Nc3 Bd7 11. Re1 Rc8 12. a3 Na6 13. Be3 Nc5 14. Bd4 a6 15. h3
Bh6 16. b4 Nce4 17. Qb3 e5 18. dxe6 Bxe6 19. Nd5 Bxd5 20. cxd5 Qc7 21. Bd3 Rf7
22. a4 Nc3 23. Re6 Nfxd5 24. Rae1 Kf8 25. Bc4 Ne7 26. Rxd6 Qxd6 27. Bxc3 Rxc4
28. Qxc4 Qc6 29. Qxf7+ Kxf7 30. Ne5+ Kf8 31. Nxc6 Nxc6 32. b5 axb5 33. axb5 Nd8
34. Bb4+ Kf7 35. Re7+ Kf6 36. Rxh7 Nf7 37. Bc3+ Ke7 38. Bg7 Bg5 39. h4 Bd2 40.
h5 g5 41. Bd4 g4 42. Rg7 Bh6 43. Rg6 1-0

[Event "Japan Open 2017"]
[Site "Tokyo"]
[Date "2017.11.05"]
[Round "5.9"]
[White "Averbukh, Alexander"]
[Black "Takahashi, Mikio"]
[Result "1-0"]
[WhiteElo "2332"]
[BlackElo "1909"]
[PlyCount "69"]
[EventDate "2017.11.03"]

1. e4 e6 2. d4 a6 3. c4 d6 4. Nc3 Nd7 5. f4 b6 6. Nf3 Bb7 7. Bd3 c5 8. d5 e5 9.
O-O Be7 10. Ne2 Bf6 11. Ng3 h5 12. Nf5 Qc7 13. fxe5 Nxe5 14. Bf4 O-O-O 15. Rb1
g6 16. Ng3 h4 17. Nh1 h3 18. g3 Nxf3+ 19. Qxf3 Bd4+ 20. Nf2 f6 21. Rfd1 Nh6 22.
Bf1 Qd7 23. Rxd4 cxd4 24. Bxh3 f5 25. Bxh6 Rxh6 26. exf5 g5 27. Bg4 Qh7 28. h3
Kb8 29. Re1 Bc8 30. Ne4 Re8 31. Kg2 Qg8 32. Rf1 Rf8 33. Qf2 Qh8 34. Nxg5 Rg8
35. Nf7 1-0

[Event "Japan Open 2017"]
[Site "Tokyo"]
[Date "2017.11.05"]
[Round "5.10"]
[White "Fujii, Chiaki"]
[Black "Shinoda, Taro"]
[Result "0-1"]
[WhiteElo "1926"]
[BlackElo "2082"]
[PlyCount "84"]
[EventDate "2017.11.03"]

1. d4 Nf6 2. c4 c5 3. d5 e6 4. Nc3 exd5 5. cxd5 d6 6. e4 g6 7. Bd3 Bg7 8. Nge2
O-O 9. O-O Re8 10. f3 a6 11. a4 Nbd7 12. Ng3 Rb8 13. f4 Qc7 14. Re1 c4 15. Bc2
b5 16. axb5 axb5 17. Be3 Nc5 18. e5 Ng4 19. Qe2 dxe5 20. f5 Nxe3 21. Qxe3 e4
22. f6 Bxf6 23. Ncxe4 Nxe4 24. Nxe4 Kh8 25. Rab1 Bf5 26. Qf2 Be5 27. Kh1 b4 28.
Ng5 Bxc2 29. Qxc2 Kg8 30. Rf1 Rf8 31. Qf2 h6 32. Nf3 Bg7 33. Rbd1 Rbd8 34. Qc2
Qc5 35. d6 Rxd6 36. Rxd6 Qxd6 37. Qxc4 Bxb2 38. Ne1 Bc3 39. Nc2 Qe6 40. Qd3 Re8
41. Qf3 Re7 42. Qa8+ Kg7 0-1

[Event "Japan Open 2017"]
[Site "Tokyo"]
[Date "2017.11.05"]
[Round "6.1"]
[White "Yamada, Kohei"]
[Black "Otawa, Yuto"]
[Result "0-1"]
[WhiteElo "2287"]
[BlackElo "2090"]
[PlyCount "138"]
[EventDate "2017.11.03"]

1. e4 e6 2. d4 d5 3. Nc3 Bb4 4. exd5 exd5 5. Bd3 Nf6 6. Nge2 O-O 7. O-O Nbd7 8.
Bg5 c6 9. Ng3 Re8 10. Qf3 h6 11. Be3 Nb6 12. Nf5 Bxf5 13. Qxf5 Nc4 14. Bc1 Nd6
15. Qh3 Nde4 16. Ne2 Bd2 17. Bxd2 Nxd2 18. Rfd1 Nc4 19. Bxc4 dxc4 20. Ng3 Qa5
21. c3 Rad8 22. Kf1 Qb5 23. Rd2 Qg5 24. Rad1 Nd5 25. Qf5 Qh4 26. Kg1 Re6 27. h3
Rde8 28. Qg4 Qxg4 29. hxg4 g6 30. Nf1 Re4 31. f3 Re2 32. Rxe2 Rxe2 33. Rd2 Re1
34. Kf2 Ra1 35. a3 b5 36. g3 Ra2 37. Ke2 Nb6 38. Ne3 {(=)} Na4 39. Nd1 Kf8 40.
Ke3 Ke7 41. Kf4 Nb6 42. Ne3 Kd6 43. g5 h5 44. Ke4 Nd5 45. Nxd5 cxd5+ 46. Kf4 a5
47. Ke3 Kc6 48. f4 b4 49. axb4 axb4 50. cxb4 Kb5 51. f5 Kxb4 52. fxg6 fxg6 53.
Rf2 Kb3 54. Rf6 Rxb2 55. Rxg6 c3 56. Rc6 Kc2 57. g6 Rb7 58. Kf4 Kb2 59. Ke5 c2
60. Kxd5 c1=Q 61. Rxc1 Kxc1 62. Ke6 Rb3 63. g7 Rxg3 64. Kf7 h4 65. d5 h3 66. d6
h2 67. d7 h1=Q 68. d8=Q Qb7+ 69. Ke8 Rxg7 0-1

[Event "Japan Open 2017"]
[Site "Tokyo"]
[Date "2017.11.05"]
[Round "6.2"]
[White "Kojima, Shinya"]
[Black "Nakamura, Naohiro"]
[Result "1-0"]
[WhiteElo "2485"]
[BlackElo "2229"]
[PlyCount "69"]
[EventDate "2017.11.03"]

1. Nf3 c5 2. c4 Nc6 3. d4 cxd4 4. Nxd4 Nf6 5. Nc3 e6 6. Bg5 d5 7. cxd5 exd5 8.
e3 Be7 9. Be2 O-O 10. O-O Be6 11. Rc1 Rc8 12. Qa4 a6 13. Nxc6 Rxc6 14. Rfd1 h6
15. Bf4 Qc8 16. a3 Ne4 17. Be5 Rd8 18. Na2 Nc5 19. Qf4 Bg5 20. Qg3 Ne4 21. Qf3
Nd2 22. Rxd2 Rxc1+ 23. Nxc1 Qxc1+ 24. Rd1 Qc6 25. Qg3 Bf5 26. Bf3 Bf6 27. h3
Qe6 28. Bxf6 Qxf6 29. Qf4 Qg6 30. Bxd5 Rd7 31. Kh2 Be6 32. e4 Qh5 33. Qb8+ Kh7
34. Bxe6 Rxd1 35. Bg4 1-0

[Event "Japan Open 2017"]
[Site "Tokyo"]
[Date "2017.11.05"]
[Round "6.3"]
[White "Nanjo, Ryosuke"]
[Black "Higashino, Tetsuo"]
[Result "1-0"]
[WhiteElo "2437"]
[BlackElo "2084"]
[PlyCount "55"]
[EventDate "2017.11.03"]

1. e4 c5 2. Nf3 Nc6 3. d4 cxd4 4. Nxd4 g6 5. c4 Nf6 6. Nc3 d6 7. Nc2 Bg7 8. Be2
O-O 9. O-O Nd7 10. Bd2 Nc5 11. b4 Bxc3 12. Bxc3 Nxe4 13. Bb2 Nf6 14. b5 Ne5 15.
Qd4 Be6 16. Ne3 Qb6 17. c5 Qc7 18. cxd6 exd6 19. f4 Ned7 20. f5 gxf5 21. Qh4
Qd8 22. Nxf5 Bxf5 23. Rxf5 Re8 24. Qh6 Ne5 25. Rxf6 Qb6+ 26. Kh1 Rac8 27. Bd3
Nxd3 28. Rg6+ 1-0

[Event "Japan Open 2017"]
[Site "Tokyo"]
[Date "2017.11.05"]
[Round "6.4"]
[White "Matsumoto, Yoshitaro"]
[Black "Matsuo, Tomohiko"]
[Result "0-1"]
[WhiteElo "1952"]
[BlackElo "2256"]
[PlyCount "68"]
[EventDate "2017.11.03"]

1. c4 Nf6 2. Nc3 c5 3. g3 d5 4. cxd5 Nxd5 5. Bg2 Nc7 6. Qa4+ Bd7 7. Qb3 Nc6 8.
Qxb7 Nd4 9. Qe4 Rc8 10. Qb1 g6 11. e3 Ndb5 12. Nge2 Bg7 13. O-O O-O 14. b3 Bg4
15. Re1 Bxe2 16. Rxe2 Bxc3 17. dxc3 Qd1+ 18. Bf1 Nxc3 19. Qc2 Nxe2+ 20. Qxe2
Rfd8 21. Qc4 Ne6 22. Bb2 Qd2 23. Qc3 Qxc3 24. Bxc3 Ng5 25. Rc1 Nf3+ 26. Kg2 Nd2
27. Ba6 Rc6 28. Bb5 Re6 29. Ba5 Rf8 30. Be2 Rc8 31. f3 c4 32. bxc4 Ra6 33. Bxd2
Rxa2 34. Rd1 Rd8 0-1

[Event "Japan Open 2017"]
[Site "Tokyo"]
[Date "2017.11.05"]
[Round "6.5"]
[White "Farfurnik, Alex"]
[Black "Baba, Masahiro"]
[Result "0-1"]
[WhiteElo "1991"]
[BlackElo "2410"]
[PlyCount "134"]
[EventDate "2017.11.03"]

1. d4 Nf6 2. Bg5 d5 3. Nd2 c5 4. e3 cxd4 5. exd4 Nc6 6. c3 Qb6 7. Qb3 Qxb3 8.
axb3 Bf5 9. b4 Ne4 10. Nxe4 Bxe4 11. b5 Nb8 12. b6 a6 13. Bb5+ Kd8 14. f3 Bf5
15. g4 Bd7 16. Bd3 f6 17. Bf4 e6 18. Ne2 Ke8 19. b4 Be7 20. b5 Bd8 21. Bc7 Bc8
22. Kf2 Kd7 23. Bxb8 Rxb8 24. bxa6 bxa6 25. Bxa6 Bxa6 26. Rxa6 Bxb6 27. Ke3 Rb7
28. Kd3 Bc7 29. h3 Bd6 30. Rha1 Bb8 31. Ke3 g5 32. h4 h5 33. hxg5 fxg5 34. gxh5
Rxh5 35. Rg1 Rb2 36. Rg2 Bf4+ 37. Kf2 Rh1 38. Ra7+ Kc6 39. Ra6+ Kb5 40. Rxe6
Kc4 41. Rg1 Rh2+ 42. Rg2 Rh8 43. Rg1 Rd2 44. Ke1 Rh2 45. Nxf4 gxf4 46. Rh1 Kxc3
47. Rxh2 Rxh2 48. Rf6 Kxd4 49. Re6 Kd3 50. Ra6 Rh1+ 51. Kf2 Rc1 52. Rd6 d4 53.
Re6 Kc3 54. Rc6+ Kd2 55. Rf6 d3 56. Rd6 Rc4 57. Rd7 Rc5 58. Rd8 Kc2 59. Ke1
Re5+ 60. Kf1 d2 61. Rc8+ Kd3 62. Rd8+ Ke3 63. Rd7 Ra5 64. Kg2 Ra1 65. Re7+ Kd3
66. Rd7+ Kc3 67. Rc7+ Kb4 0-1

[Event "Japan Open 2017"]
[Site "Tokyo"]
[Date "2017.11.05"]
[Round "6.6"]
[White "Shinoda, Taro"]
[Black "Averbukh, Alexander"]
[Result "0-1"]
[WhiteElo "2082"]
[BlackElo "2332"]
[PlyCount "68"]
[EventDate "2017.11.03"]

1. d4 d5 2. c4 Nc6 3. Nf3 Bg4 4. e3 e5 5. cxd5 Qxd5 6. Nc3 Bb4 7. Be2 exd4 8.
O-O Bxc3 9. bxc3 d3 10. Qxd3 Bxf3 11. gxf3 Qxd3 12. Bxd3 Ne5 13. Be4 O-O-O 14.
Rb1 b6 15. Rb4 Nf6 16. f4 Nxe4 17. Rxe4 Nc6 18. f5 Rd5 19. Rg4 g6 20. e4 Ra5
21. fxg6 hxg6 22. Bg5 Rxa2 23. Bf6 Rh5 24. Rd1 Ra4 25. f3 a5 26. e5 Ra2 27. e6
fxe6 28. Rxg6 Raxh2 29. Rg8+ Kb7 30. Rd7 Rh7 31. Rgg7 Rxg7+ 32. Rxg7 Rc2 33. f4
a4 34. Rg3 a3 0-1